Pierre de la Ravel : pařížský porodník /

Životopis fiktivního francouzského porodníka situovaný do Paříže 18. století přibližuje v rámci dobových událostí úroveň tehdejšího porodnictví a potíže lékařů, kteří se pokoušeli uplatnit v tomto oboru vědecký pokrok.

Main Author: Doležal, Antonín, 1929-
Language: Czech
Published: Praha : Galén, [2022]
Edition: Druhé vydání
Subjects:
Physical Description: 416 stran : ilustrace ; 24 cm
Book
Saved in:
LEADER 02540nam a2200505 i 4500
001 nkc20223424359
003 CZ PrNK
005 20220822092613.0
007 ta
008 220531t20222022xr a g 000 f cze
015 |a cnb003424359 
020 |a 978-80-7492-601-3  |q (vázáno) 
035 |a (OCoLC)1344359979 
040 |a ABG001  |b cze  |d ABA001  |e rda 
043 |a e-fr--- 
045 |a v-v- 
072 7 |a 821.162.3-3  |x Česká próza  |2 Konspekt  |9 25 
080 |a 821.162.3-31  |2 MRF 
080 |a 618.2  |2 MRF 
080 |a (44)  |2 MRF 
080 |a (0:82-311.6)  |2 MRF 
100 1 |a Doležal, Antonín,  |d 1929-  |7 jk01022600  |4 aut 
245 1 0 |a Pierre de la Ravel :  |b pařížský porodník /  |c Antonín Doležal 
246 3 0 |a Pierre de la Ravel, pařížský porodník 
250 |a Druhé vydání 
264 1 |a Praha :  |b Galén,  |c [2022] 
264 4 |c ©2022 
300 |a 416 stran :  |b ilustrace ;  |c 24 cm 
336 |a text  |b txt  |2 rdacontent 
337 |a bez média  |b n  |2 rdamedia 
338 |a svazek  |b nc  |2 rdacarrier 
520 2 |a Životopis fiktivního francouzského porodníka situovaný do Paříže 18. století přibližuje v rámci dobových událostí úroveň tehdejšího porodnictví a potíže lékařů, kteří se pokoušeli uplatnit v tomto oboru vědecký pokrok.  |b Životní příběh chirurga a porodníka Pierre de la Ravela uvádí čtenáře do Francie v 18. století. Autentičnost je založena na autorových hlubokých znalostech dobové lékařské literatury. Čtenář této knihy může být zaskočen lékařským naturalismem, drastičností popisovaných událostí. Autor podává jen obraz reality, kde pokrok se rodí v největších bolestech. Jeho román je svým způsobem splátkou tisícům neznámých, neokázalých hrdinů z masa a krve, kteří se milovali, trápili, nespali, chybovali, hledali - a byli nezměrně oddáni nejkrásnějšímu lidskému povolání. Nakladatelská anotace. Kráceno. 
648 7 |a 18. století  |7 ch460556  |2 czenas 
650 0 7 |a porodnictví  |7 ph124365  |z Francie  |y 18. století  |2 czenas 
650 0 9 |a obstetrics  |z France  |y 18th century  |2 eczenas 
655 7 |a české romány  |7 fd133974  |2 czenas 
655 7 |a historické romány  |7 fd132414  |2 czenas 
655 9 |a Czech fiction  |2 eczenas 
655 9 |a historical novels  |2 eczenas 
910 2 |a BOA001  |b 2-1491.550 
920 |a 4652916  |z ABG001 
990 |a BK 
995 |a 01 
991 |b 202208  |c NOV 
996 6 |b 2610910971  |c 2-1491.550  |l MZK  |r Sklad / do 1 hodiny  |n 0  |p p.v.  |w 001894893  |u 000010  |a 1  |e BOA001  |j MZK50  |s P